LEADER 01288nam--2200397---450- 001 990000393030203316 010 $a88-14-02437-5 035 $a0039303 035 $aUSA010039303 035 $a(ALEPH)000039303USA01 035 $a0039303 100 $a20010405d1990----km-y0itay0103----ba 101 $aita 102 $aIT 105 $a||||||||001yy 200 1 $a<> andamento dei tassi di interesee in Italia$eapplicazione ai BTP e ai CCT$fAndrea Beltratti, Giuseppe Russo 210 $aMilano$cGiuffrè$d1990 215 $a160 p.$d24 cm 225 2 $aQuaderni$fCirsa, Centro italiano ricerche e studi assicurativi$v24 410 $12001$aQuaderni$fCirsa, Centro italiano ricerche e studi assicurativi$v24 461 1$1001-------$12001 606 0 $aInteressi$xTasso 606 0 $aTitoli di Stato$xRendimento 676 $a332.82 700 1$aBELTRATTI,$bAndrea$0115285 701 1$aRUSSO,$bAndrea$040315 801 0$aIT$bsalbc$gISBD 912 $a990000393030203316 951 $aCOLL. QZ 24$b70648 EC$cCOLL. QZ 959 $aBK 969 $aECO 979 $aPATTY$b90$c20010405$lUSA01$h1401 979 $c20020403$lUSA01$h1647 979 $aPATRY$b90$c20040406$lUSA01$h1627 996 $aAndamento dei tassi di interesee in Italia$9876089 997 $aUNISA LEADER 01857 am 2200577 n 450 001 9910341846803321 005 20190521 010 $a2-35768-089-X 024 7 $a10.4000/books.eua.894 035 $a(CKB)4100000009382723 035 $a(FrMaCLE)OB-eua-894 035 $a(oapen)https://directory.doabooks.org/handle/20.500.12854/60803 035 $a(PPN)240757416 035 $a(EXLCZ)994100000009382723 100 $a20191001j|||||||| ||| 0 101 0 $afre 135 $auu||||||m|||| 181 $ctxt$2rdacontent 182 $cc$2rdamedia 183 $acr$2rdacarrier 200 13$aUn Théâtre de la disparition /$fJean-Marie Piemme 210 $aAvignon $cÉditions Universitaires d?Avignon$d2019 215 $a1 online resource (56 p.) 311 $a2-35768-017-2 330 $aLa disparition de ce que nous avons été, de ce que nous sommes, de ce que nous serons est le moteur du théâtre que j?écris. Dans un temps qui fuit, chacun cherche à densifier son existence à l?instant de la chute : je crois n?avoir jamais mis en jeu autre chose. 606 $aTheater 606 $adisparition 606 $athéâtre 606 $afiction 606 $aespace habité 606 $alucidité 610 $adisparition 610 $afiction 610 $aespace habité 610 $alucidité 610 $athéâtre 615 4$aTheater 615 4$adisparition 615 4$athéâtre 615 4$afiction 615 4$aespace habité 615 4$alucidité 700 $aPiemme$b Jean-Marie$0440134 701 $aEthis$b Emmanuel$01286053 701 $aPiemme$b Jean-Marie$0440134 701 $aPoggi$b Marie-Hélène$01314473 801 0$bFR-FrMaCLE 906 $aBOOK 912 $a9910341846803321 996 $aUn Théâtre de la disparition$93031826 997 $aUNINA